[Event "CHN-chT Div-B"]
[Site "Binhai"]
[Date "2024.08.17"]
[Round "9.4"]
[White "Chen, Yiru"]
[Black "Yang, Yijing"]
[Result "1-0"]
[WhiteElo "1897"]
[BlackElo "2022"]
[PlyCount "59"]
[EventDate "2024.08.12"]
[EventType "team-swiss"]
[EventRounds "9"]
[EventCountry "CHN"]
[SourceTitle "CB34_2024"]
[SourceDate "2024.08.21"]
[SourceVersion "1"]
[SourceVersionDate "2024.08.21"]
[SourceQuality "1"]
[WhiteTeam "Beijing"]
[BlackTeam "Hebei"]
[WhiteTeamCountry "CHN"]
[BlackTeamCountry "CHN"]

1. e4 e6 2. d4 d5 3. exd5 exd5 4. h3 Bd6 5. Nf3 Ne7 6. c4 dxc4 7. Bxc4 0-0 8. 0-0 Bf5 9. Nc3 Ng6 10. Ng5 Nf4 11. Nge4 Ne6 12. Be3 c6 13. Qf3 Bg6 14. Rad1 Qc7 15. Nxd6 Qxd6 16. d5 cxd5 17. Nxd5 Kh8 18. Nf4 Qe7 19. Bxe6 fxe6 20. Bc5 Qxc5 21. Nxe6 Na6 22. Qxb7 Qe5 23. Nxf8 Rxf8 24. Qxa6 Be4 25. Qd6 Qf5 26. f3 Ba8 27. Rde1 h6 28. Qd4 Qg5 29. Qxa7 Kh7 30. Qe3 1-0

[Event "CHN-chT Div-B"]
[Site "Binhai"]
[Date "2024.08.16"]
[Round "7.4"]
[White "Guo, Hanxi"]
[Black "Chen, Yiru"]
[Result "1-0"]
[WhiteElo "1926"]
[BlackElo "1897"]
[PlyCount "91"]
[EventDate "2024.08.12"]
[EventType "team-swiss"]
[EventRounds "9"]
[EventCountry "CHN"]
[SourceTitle "CB34_2024"]
[SourceDate "2024.08.21"]
[SourceVersion "1"]
[SourceVersionDate "2024.08.21"]
[SourceQuality "1"]
[WhiteTeam "Tianjin Binhai New Area"]
[BlackTeam "Beijing"]
[WhiteTeamCountry "CHN"]
[BlackTeamCountry "CHN"]

1. e4 c5 2. Nf3 d6 3. d4 cxd4 4. Nxd4 Nf6 5. Nc3 a6 6. Be2 e5 7. Nb3 Be7 8. 0-0 0-0 9. Be3 Nbd7 10. a4 b6 11. Nd5 Nxd5 12. exd5 f5 13. f3 Kh8 14. c4 Bg5 15. Bf2 Nc5 16. a5 Bd7 17. Nxc5 bxc5 18. b4 cxb4 19. Bb6 Qf6 20. Qe1 Rab8 21. Qxb4 Be3+ 22. Kh1 Bf4 23. Qe1 Qg5 24. Rb1 Rbe8 25. g3 Bd2 26. f4 exf4 27. Qxd2 Qe7 28. Rbe1 Qe4+ 29. Bf3 Qxc4 30. Qxf4 Qd3 31. Qd4 Qb3 32. Rb1 Qa2 33. Qb2 Qc4 34. Qb3 Qc8 35. Rfc1 Qa8 36. Bd4 Re7 37. Re1 Qe8 38. Rxe7 Qxe7 39. Qe3 Qf7 40. Qg5 Re8 41. Kg1 Kg8 42. Rb7 Re7 43. Rb8+ Be8 44. Bh5 g6 45. Qf6 Qxf6 46. Bxf6 1-0

[Event "CHN-chT Div-B"]
[Site "Binhai"]
[Date "2024.08.15"]
[Round "6.4"]
[White "Chen, Yiru"]
[Black "Zhao, Shengxin"]
[Result "0-1"]
[WhiteElo "1897"]
[BlackElo "2127"]
[PlyCount "72"]
[EventDate "2024.08.12"]
[EventType "team-swiss"]
[EventRounds "9"]
[EventCountry "CHN"]
[SourceTitle "CB34_2024"]
[SourceDate "2024.08.21"]
[SourceVersion "1"]
[SourceVersionDate "2024.08.21"]
[SourceQuality "1"]
[WhiteTeam "Beijing"]
[BlackTeam "Hangzhou Chess Assoc"]
[WhiteTeamCountry "CHN"]
[BlackTeamCountry "CHN"]

1. e4 c5 2. Nf3 d6 3. d4 cxd4 4. Nxd4 Nf6 5. Nc3 a6 6. Be2 e5 7. Nb3 Be7 8. 0-0 0-0 9. Re1 Nbd7 10. Bf3 b5 11. a4 b4 12. Ne2 Nc5 13. Ng3 Be6 14. h3 Qc7 15. Nf5 Bxf5 16. exf5 d5 17. g4 h6 18. Be3 Rfe8 19. h4 d4 20. Bxa8 dxe3 21. Rxe3 Rxa8 22. g5 Rd8 23. Qe2 hxg5 24. hxg5 Nd5 25. Rxe5 Nxb3 26. cxb3 Nf4 27. Qe4 Bxg5 28. Re1 Nd3 29. Re8+ Rxe8 30. Qxe8+ Kh7 31. Re2 Qc1+ 32. Kh2 Qf4+ 33. Kg1 Qg4+ 34. Kf1 Qh3+ 35. Kg1 Nf4 36. Re3 Qg2# 0-1

[Event "FIDE World Corporate GpB"]
[Site "New York"]
[Date "2024.06.16"]
[Round "6"]
[White "Chen, Yiru"]
[Black "Kumar, Akash"]
[Result "0-1"]
[WhiteElo "1897"]
[BlackElo "1819"]
[PlyCount "82"]
[EventDate "2024.06.15"]
[EventType "team-swiss (rapid)"]
[EventRounds "10"]
[EventCountry "USA"]
[SourceTitle "CB26_2024"]
[SourceDate "2024.06.26"]
[SourceVersion "1"]
[SourceVersionDate "2024.06.26"]
[SourceQuality "1"]
[WhiteTeam "Nanjing Spark Chess Technology"]
[BlackTeam "Goldman Sachs"]
[WhiteTeamCountry "CHN"]
[BlackTeamCountry "USA"]

1. e4 e6 2. d4 d5 3. Nc3 Nc6 4. exd5 exd5 5. Nf3 Bd6 6. Bb5 Nge7 7. 0-0 Bg4 8. h3 Bh5 9. Qd3 f6 10. Bxc6+ bxc6 11. Re1 0-0 12. Bd2 Bg6 13. Qe2 Bxc2 14. Rac1 Bg6 15. Nh4 Bf7 16. Na4 Re8 17. Qf3 Rb8 18. b3 Qd7 19. Qd3 Ng6 20. Nf3 Ba3 21. Rc2 Rxe1+ 22. Nxe1 Bd6 23. Qa6 Re8 24. Qxc6 Qf5 25. Qc3 Nf4 26. Bxf4 Qxf4 27. g3 Qf5 28. g4 Rxe1+ 29. Qxe1 Qxc2 30. Nc3 Bb4 31. Qe2 Qxc3 32. Qa6 Qe1+ 33. Kg2 Qe4+ 34. Kg1 h6 35. Qc8+ Kh7 36. Qxc7 Qe1+ 37. Kg2 Qe4+ 38. Kg1 Qe7 39. Qc6 Bd6 40. Qc2+ Bg6 41. Qc6 Be4 0-1

[Event "FIDE World Corporate GpB"]
[Site "New York"]
[Date "2024.06.15"]
[Round "4"]
[White "Chen, Yiru"]
[Black "Harutyunyan, Ani"]
[Result "0-1"]
[WhiteElo "1897"]
[BlackElo "1967"]
[PlyCount "84"]
[EventDate "2024.06.15"]
[EventType "team-swiss (rapid)"]
[EventRounds "10"]
[EventCountry "USA"]
[SourceTitle "CB26_2024"]
[SourceDate "2024.06.26"]
[SourceVersion "1"]
[SourceVersionDate "2024.06.26"]
[SourceQuality "1"]
[WhiteTeam "Nanjing Spark Chess Technology"]
[BlackTeam "Chessify"]
[WhiteTeamCountry "CHN"]
[BlackTeamCountry "USA"]

1. e4 e5 2. Nf3 Nc6 3. Bb5 Nf6 4. 0-0 Nxe4 5. d4 Nd6 6. Bxc6 dxc6 7. Nxe5 Be7 8. c3 0-0 9. Bf4 Bg5 10. Qf3 Be6 11. Nd2 h6 12. Rfe1 Bd5 13. Qg4 Bxf4 14. Qxf4 Qg5 15. Qxg5 hxg5 16. h3 Rfe8 17. c4 Be6 18. b3 Nf5 19. Ndf3 f6 20. Ng4 Rad8 21. Rad1 Kf7 22. Rd2 Rd6 23. Red1 Nh4 24. Nxh4 Bxg4 25. hxg4 gxh4 26. f3 Rde6 27. Kf2 g5 28. d5 cxd5 29. cxd5 Ra6 30. Rc2 Re7 31. Rdd2 Rd6 32. Rc4 c6 33. Ra4 Rxd5 34. Rxd5 cxd5 35. Rxa7 Ke6 36. Ra4 Ke5 37. Ke3 Rc7 38. Kd3 Rc1 39. Ke2 Rc2+ 40. Kf1 d4 41. Rc4 d3 42. Ke1 Rxg2 0-1

[Event "FIDE World Corporate GpB"]
[Site "New York"]
[Date "2024.06.15"]
[Round "1"]
[White "Kumar, Akash"]
[Black "Chen, Yiru"]
[Result "0-1"]
[WhiteElo "1819"]
[BlackElo "1897"]
[PlyCount "64"]
[EventDate "2024.06.15"]
[EventType "team-swiss (rapid)"]
[EventRounds "10"]
[EventCountry "USA"]
[SourceTitle "CB26_2024"]
[SourceDate "2024.06.26"]
[SourceVersion "1"]
[SourceVersionDate "2024.06.26"]
[SourceQuality "1"]
[WhiteTeam "Goldman Sachs"]
[BlackTeam "Nanjing Spark Chess Technology"]
[WhiteTeamCountry "USA"]
[BlackTeamCountry "CHN"]

1. d4 Nf6 2. c4 e6 3. Nc3 Bb4 4. e3 0-0 5. Bd3 d5 6. Nge2 c5 7. cxd5 exd5 8. dxc5 Bxc5 9. 0-0 Nc6 10. a3 Bg4 11. b4 Bb6 12. f3 Be6 13. Bb2 Bxe3+ 14. Kh1 Bb6 15. Nf4 Ne5 16. Be2 Nc6 17. b5 Nd4 18. Bd3 Qd6 19. Nxe6 fxe6 20. Ne2 Bc7 21. f4 Nf5 22. Qd2 Nh6 23. Rac1 Qd7 24. Nd4 Bb6 25. Rfe1 Rae8 26. Nf3 Nhg4 27. Re2 Qf7 28. h3 Qh5 29. Ne5 Nxe5 30. Rxe5 Qh4 31. Be2 Ne4 32. Qd3 Nf2+ 0-1

[Event "FIDE World Corporate GpB"]
[Site "New York"]
[Date "2024.06.15"]
[Round "5"]
[White "Nurmanova, Alua"]
[Black "Chen, Yiru"]
[Result "1-0"]
[WhiteElo "2274"]
[BlackElo "1897"]
[PlyCount "79"]
[EventDate "2024.06.15"]
[EventType "team-swiss (rapid)"]
[EventRounds "10"]
[EventCountry "USA"]
[SourceTitle "CB26_2024"]
[SourceDate "2024.06.26"]
[SourceVersion "1"]
[SourceVersionDate "2024.06.26"]
[SourceQuality "1"]
[WhiteTeam "Freedom Holding"]
[BlackTeam "Nanjing Spark Chess Technology"]
[WhiteTeamCountry "USA"]
[BlackTeamCountry "CHN"]

1. e4 c5 2. Nf3 d6 3. d4 cxd4 4. Nxd4 Nf6 5. Nc3 a6 6. h3 e5 7. Nb3 Be7 8. g4 Be6 9. g5 Nfd7 10. h4 Nc6 11. Be3 b5 12. a4 b4 13. Nd5 Bxd5 14. Qxd5 Qc7 15. Bc4 0-0 16. h5 Nb6 17. Bxb6 Qxb6 18. g6 Nd4 19. Nxd4 Qxd4 20. gxf7+ Kh8 21. Qxd4 exd4 22. 0-0-0 Bf6 23. Kd2 Ra7 24. Kd3 Rc7 25. f4 Rc5 26. h6 g6 27. Rde1 Ra5 28. b3 Rc5 29. Re2 a5 30. Kd2 Rfc8 31. Kd3 Rf8 32. Kd2 Rfc8 33. Ke1 Rf8 34. Kf2 Rfc8 35. Kg3 Rf8 36. Kg4 Rd8 37. Rhe1 Rh5 38. e5 dxe5 39. Rxe5 Rxh6 40. Re8+ 1-0

[Event "CHN-chTB"]
[Site "Hefei"]
[Date "2023.04.18"]
[Round "3"]
[White "Liu, Manli"]
[Black "Chen, Yiru"]
[Result "1-0"]
[WhiteElo "2137"]
[BlackElo "1828"]
[PlyCount "87"]
[EventDate "2023.04.17"]
[EventType "team-swiss"]
[EventRounds "9"]
[EventCountry "CHN"]
[SourceTitle "EXT 2024"]
[Source "ChessBase"]
[SourceDate "2023.10.10"]
[SourceVersion "1"]
[SourceVersionDate "2023.10.10"]
[SourceQuality "1"]
[WhiteTeam "Guangzhou Lingnan"]
[BlackTeam "Beijing"]
[WhiteTeamCountry "CHN"]
[BlackTeamCountry "CHN"]

1. e4 c5 2. Nf3 d6 3. d4 cxd4 4. Nxd4 Nf6 5. Nc3 a6 6. Be2 e5 7. Nf3 b5 8. Bg5 Be7 9. Bxf6 Bxf6 10. Nd5 Bb7 11. a4 bxa4 12. Rxa4 0-0 13. 0-0 Nd7 14. b4 Nb6 15. Ra5 Nxd5 16. exd5 Qb6 17. Qd2 e4 18. Ne1 Bd4 19. Ra3 Rfe8 20. Qd1 Re7 21. c3 Be5 22. Nc2 Rc8 23. c4 f5 24. Kh1 Rf8 25. f4 Bf6 26. Qd2 e3 27. Qd3 g6 28. Bf3 Rfe8 29. Qe2 Rc8 30. Rd1 Kg7 31. Rxe3 Rec7 32. c5 dxc5 33. Re6 Qb5 34. d6 Qxe2 35. Bxe2 Rd7 36. bxc5 Rxc5 37. Nb4 a5 38. Nd3 Rc2 39. Ne1 Rb2 40. Nd3 Rc2 41. Ne1 Rc8 42. Bb5 Rf7 43. d7 Rc5 44. Rxf6 1-0

[Event "Asia-ch Universities (Women)"]
[Site "Chess.com INT"]
[Date "2020.12.16"]
[Round "5"]
[White "De Silva, Shelani"]
[Black "Chen, Yiru"]
[Result "0-1"]
[WhiteElo "1585"]
[BlackElo "1828"]
[PlyCount "142"]
[EventDate "2020.12.15"]
[EventType "swiss"]
[EventRounds "9"]
[EventCountry "IRI"]
[SourceTitle "EXT 2022"]
[Source "ChessBase"]
[SourceDate "2021.10.06"]
[SourceVersion "1"]
[SourceVersionDate "2021.10.06"]
[SourceQuality "1"]

1. e4 c5 2. Nf3 d6 3. d4 cxd4 4. Nxd4 Nf6 5. Nc3 a6 6. Bg5 Nbd7 7. f4 h6 8. Bh4 Qb6 9. Qd2 Qxb2 10. Rb1 Qa3 11. Be2 Qc5 12. Bf2 Qc7 13. 0-0 e6 14. Bd3 Be7 15. Nf3 Nc5 16. Rbe1 Nxd3 17. cxd3 0-0 18. Rc1 Qd8 19. Rb1 d5 20. e5 Nd7 21. Nd4 Nc5 22. Be3 f5 23. Kh1 Qe8 24. Rg1 Qh5 25. Nce2 Bd7 26. Rbf1 Rac8 27. Rf3 Na4 28. Rh3 Qg6 29. Rg3 Qf7 30. Rh3 Qg6 31. Rg3 Qh7 32. Rh3 Nc5 33. Bf2 Be8 34. g4 fxg4 35. Rxg4 Bg6 36. Rhg3 Nxd3 37. Rxg6 Nxf2+ 38. Kg2 Bg5 39. Rxe6 Ne4 40. Qe3 Nxg3 41. hxg3 Bd8 42. f5 Bg5 43. Qb3 Rcd8 44. Rg6 Rxf5 45. Nxf5 Qxg6 46. Ned4 b5 47. Qb4 Kh7 48. Qa5 Rf8 49. g4 Be3 50. Qa3 Bxd4 51. Qxf8 Qxg4+ 52. Kf1 Bxe5 53. Ne7 Qf4+ 54. Qxf4 Bxf4 55. Nxd5 Bd6 56. Kg2 Kg6 57. Kh3 Kf5 58. Kg2 Ke4 59. Nc3+ Kd3 60. Nd5 Kc2 61. Kf3 Kb2 62. Ke4 Kxa2 63. Kf5 Kb3 64. Ke6 Bc5 65. Nc7 a5 66. Nxb5 a4 67. Kd5 Bb6 68. Ke6 Bc5 69. Kf5 Kc4 70. Na3+ Bxa3 71. Kg6 Bb2 0-1

[Event "FISU World University"]
[Site "Tornelo INT"]
[Date "2020.10.27"]
[Round "4.17"]
[White "Makhnev, Denis"]
[Black "Chen, Yiru"]
[Result "1-0"]
[WhiteElo "2486"]
[BlackElo "1828"]
[PlyCount "47"]
[EventDate "2020.10.26"]
[EventType "team-swiss (rapid)"]
[EventRounds "9"]
[EventCountry "NET"]
[SourceTitle "CBM 199 Extra"]
[Source "ChessBase"]
[SourceDate "2021.01.31"]
[SourceVersion "1"]
[SourceVersionDate "2021.01.31"]
[SourceQuality "1"]
[WhiteTeam "Kazakhstan"]
[BlackTeam "China III"]
[WhiteTeamCountry "KAZ"]
[BlackTeamCountry "CHN"]

1. d4 Nf6 2. c4 e6 3. g3 d5 4. Bg2 dxc4 5. Nf3 Be7 6. 0-0 0-0 7. Qc2 a6 8. a4 c5 9. Rd1 Nc6 10. Nbd2 cxd4 11. Nxc4 Bc5 12. Nce5 Qb6 13. Nxc6 bxc6 14. a5 d3 15. exd3 Qb5 16. d4 Bb4 17. Ne5 Bb7 18. Bd2 Bxd2 19. Rxd2 Rac8 20. Nd3 Nd7 21. b4 e5 22. Nc5 Rc7 23. Bf1 Qxb4 24. Ra4 1-0

[Event "FISU World University"]
[Site "Tornelo INT"]
[Date "2020.10.27"]
[Round "5.27"]
[White "Smieszek, Wojciech"]
[Black "Chen, Yiru"]
[Result "1-0"]
[WhiteElo "2107"]
[BlackElo "1828"]
[PlyCount "101"]
[EventDate "2020.10.26"]
[EventType "team-swiss (rapid)"]
[EventRounds "9"]
[EventCountry "NET"]
[SourceTitle "CBM 199 Extra"]
[Source "ChessBase"]
[SourceDate "2021.01.31"]
[SourceVersion "1"]
[SourceVersionDate "2021.01.31"]
[SourceQuality "1"]
[WhiteTeam "Poland III"]
[BlackTeam "China III"]
[WhiteTeamCountry "POL"]
[BlackTeamCountry "CHN"]

1. e4 c5 2. Nf3 d6 3. d4 cxd4 4. Nxd4 Nf6 5. Nc3 a6 6. Nb3 e5 7. Bg5 Be7 8. Bxf6 Bxf6 9. Nd5 Bg5 10. h4 Bh6 11. g4 Bf4 12. Nxf4 exf4 13. Qd4 Qf6 14. Qxf6 gxf6 15. 0-0-0 Ke7 16. g5 fxg5 17. hxg5 Nc6 18. Bc4 Be6 19. Bd5 Rag8 20. Bxe6 fxe6 21. Rh5 Ne5 22. Rdh1 Rg7 23. Nd4 Nf7 24. Nf3 b5 25. Kd2 e5 26. Kd3 Ke6 27. c3 d5 28. exd5+ Kxd5 29. Re1 Re8 30. Re4 Nd6 31. Nd2 Nxe4 32. Nxe4 Ree7 33. f3 a5 34. Nf6+ Kc6 35. Ke4 Kc5 36. Ng4 Kd6 37. Nh6 Kc5 38. Nf5 Rgf7 39. Nxe7 Rxe7 40. g6 hxg6 41. Rxe5+ Rxe5+ 42. Kxe5 b4 43. cxb4+ axb4 44. Kxf4 Kd4 45. Kg5 Kd3 46. a4 b3 47. a5 Kc2 48. a6 Kxb2 49. a7 Kc1 50. a8Q b2 51. Qb7 1-0

[Event "Tianjin Binhai Cup 2nd"]
[Site "Tianjin"]
[Date "2020.01.15"]
[Round "5"]
[White "Chen, Yiru"]
[Black "Zhang, Xiao"]
[Result "0-1"]
[WhiteElo "1852"]
[BlackElo "2199"]
[PlyCount "75"]
[EventDate "2020.01.13"]
[EventType "swiss"]
[EventRounds "9"]
[EventCountry "CHN"]
[SourceTitle "CBM 194 Extra"]
[Source "ChessBase"]
[SourceDate "2020.03.31"]
[SourceVersion "1"]
[SourceVersionDate "2020.03.31"]
[SourceQuality "1"]

1. e4 c6 2. Nc3 d5 3. Nf3 dxe4 4. Nxe4 Nf6 5. Nxf6+ exf6 6. d4 Bg4 7. Be2 Bd6 8. h3 Be6 9. 0-0 0-0 10. c4 Re8 11. Bd3 Nd7 12. Qc2 Nf8 13. Nh4 Bc7 14. Qc3 Ba5 15. Qc2 Qxd4 16. Nf3 Qc5 17. Be3 Qh5 18. Nd4 Bc7 19. Be2 Qa5 20. a3 Bb8 21. Bd3 Qc7 22. Nf3 Ng6 23. Rfd1 Kh8 24. Bf5 Ne5 25. Nxe5 Qxe5 26. Bxe6 Qh2+ 27. Kf1 fxe6 28. Qe4 Bc7 29. Ke2 f5 30. Qd4 Red8 31. Qc5 Bd6 32. Qa5 b6 33. Qc3 Be5 34. Qb4 f4 35. Rxd8+ Rxd8 36. Rd1 Rg8 37. Qe7 Bf6 38. Qc7 0-1

[Event "Tianjin Binhai Cup 2nd"]
[Site "Tianjin"]
[Date "2020.01.15"]
[Round "4"]
[White "Wang, Zeyu"]
[Black "Chen, Yiru"]
[Result "0-1"]
[WhiteElo "1395"]
[BlackElo "1852"]
[PlyCount "64"]
[EventDate "2020.01.13"]
[EventType "swiss"]
[EventRounds "9"]
[EventCountry "CHN"]
[SourceTitle "CBM 194 Extra"]
[Source "ChessBase"]
[SourceDate "2020.03.31"]
[SourceVersion "1"]
[SourceVersionDate "2020.03.31"]
[SourceQuality "1"]

1. e4 c5 2. Nf3 a6 3. d4 cxd4 4. Nxd4 Nf6 5. Nc3 e5 6. Nde2 Bc5 7. Bg5 Bxf2+ 8. Kxf2 Ng4+ 9. Ke1 Qxg5 10. Nd5 Qd8 11. Nec3 d6 12. Be2 Nf6 13. Qd3 Nc6 14. Rd1 Nd4 15. Rf1 Nxd5 16. Nxd5 Be6 17. c3 Bxd5 18. cxd4 Qa5+ 19. Kf2 Be6 20. d5 Bd7 21. Qb3 Rb8 22. Rc1 0-0 23. Kg1 f5 24. exf5 Bxf5 25. g4 Qd2 26. gxf5 Qxe2 27. Qg3 Qxb2 28. Kh1 Qxa2 29. Rc7 Qxd5+ 30. Kg1 Rf7 31. Rxf7 Qxf7 32. f6 Rf8 0-1

[Event "Tianjin Binhai Cup 2nd"]
[Site "Tianjin"]
[Date "2020.01.13"]
[Round "1"]
[White "Chen, Yiru"]
[Black "Peng, Xiongjian"]
[Result "0-1"]
[WhiteElo "1852"]
[BlackElo "2489"]
[PlyCount "84"]
[EventDate "2020.01.13"]
[EventType "swiss"]
[EventRounds "9"]
[EventCountry "CHN"]
[SourceTitle "CBM 194 Extra"]
[Source "ChessBase"]
[SourceDate "2020.03.31"]
[SourceVersion "1"]
[SourceVersionDate "2020.03.31"]
[SourceQuality "1"]

1. e4 g6 2. d4 Bg7 3. Be3 c5 4. c3 cxd4 5. cxd4 d5 6. e5 f6 7. Bb5+ Nc6 8. Qa4 fxe5 9. Bxc6+ bxc6 10. Qxc6+ Bd7 11. Qxd5 exd4 12. Bd2 Qc8 13. Nf3 Bc6 14. Qc4 Bxf3 15. Qxc8+ Rxc8 16. gxf3 Nf6 17. Na3 Nd7 18. f4 Nc5 19. b3 0-0 20. 0-0 Nd3 21. Nc4 Rc5 22. Rad1 Rh5 23. Be3 Nxf4 24. Bxf4 Rxf4 25. Rd2 Rg4+ 26. Kh1 Bh6 27. Rd3 e5 28. Re1 Bf4 29. h3 Rgg5 30. Nd6 Be3 31. Kh2 Bxf2 32. Rc1 Be3 33. Rc8+ Kg7 34. Rc7+ Kf8 35. Rf7+ Kg8 36. Rxa7 Rh4 37. Re7 Rf4 38. Re8+ Kg7 39. Re7+ Kf6 40. Rxh7 Rf2+ 41. Kh1 Rf1+ 42. Kh2 Bf4+ 0-1

[Event "Xingtai op"]
[Site "Xingtai"]
[Date "2018.10.22"]
[Round "9"]
[White "Antonova, Nadezhda"]
[Black "Chen, Yiru"]
[Result "0-1"]
[WhiteElo "2038"]
[BlackElo "1832"]
[PlyCount "69"]
[EventDate "2018.10.14"]
[EventType "swiss"]
[EventRounds "9"]
[EventCountry "CHN"]
[SourceTitle "EXT 2020"]
[Source "ChessBase"]
[SourceDate "2019.10.17"]
[SourceVersion "1"]
[SourceVersionDate "2019.10.17"]
[SourceQuality "1"]

1. f4 d5 2. b3 Nf6 3. Bb2 e6 4. Nf3 Be7 5. e3 0-0 6. Be2 c5 7. 0-0 Nc6 8. d3 b6 9. Ne5 Bb7 10. Nd2 Nd7 11. Nxc6 Bxc6 12. e4 b5 13. c4 bxc4 14. bxc4 Nb6 15. Rc1 Rb8 16. Ba1 Qd7 17. cxd5 exd5 18. Bg4 Qb7 19. e5 d4 20. Qe2 Nd5 21. Nc4 Bb5 22. Bf5 Bxc4 23. dxc4 Ne3 24. Bd3 Nxf1 25. Rxf1 f5 26. g4 fxg4 27. Qxg4 Qa6 28. Rf2 Qh6 29. Bb2 Bh4 30. Bc1 Bxf2+ 31. Kxf2 Qxh2+ 32. Qg2 Qxg2+ 33. Kxg2 g6 34. Kf3 Kg7 35. Ba3 0-1

[Event "Zibo zt 3.5 (Women)"]
[Site "Zibo"]
[Date "2017.08.11"]
[Round "7"]
[White "Guo, Weibao"]
[Black "Chen, Yiru"]
[Result "1-0"]
[WhiteElo "1882"]
[BlackElo "1819"]
[PlyCount "105"]
[EventDate "2017.08.07"]
[EventType "swiss"]
[EventRounds "11"]
[EventCountry "CHN"]
[SourceTitle "CBM 179 Extra"]
[Source "ChessBase"]
[SourceDate "2017.08.23"]
[SourceVersion "1"]
[SourceVersionDate "2017.08.23"]
[SourceQuality "1"]

1. d4 Nf6 2. c4 e6 3. Nf3 b6 4. a3 Ba6 5. e3 d5 6. Nbd2 Be7 7. b4 dxc4 8. Bxc4 Bxc4 9. Nxc4 0-0 10. 0-0 Qd5 11. Qe2 Ne4 12. Bb2 Nd7 13. Rac1 Ndf6 14. Nce5 c5 15. dxc5 bxc5 16. b5 Qb7 17. Nc6 a6 18. a4 axb5 19. axb5 Nd5 20. Qc4 f5 21. Rfd1 Bf6 22. Bxf6 Rxf6 23. Nfe5 Qc7 24. g3 h6 25. Ra1 Rxa1 26. Rxa1 Nb6 27. Qd3 Qd6 28. Qc2 c4 29. Nxc4 Nxc4 30. Qxc4 Nd2 31. Qe2 Ne4 32. Rc1 Kh7 33. Nd4 Qb4 34. Qc4 Qd2 35. Qc2 Qb4 36. Rb1 Qd6 37. b6 Rf8 38. b7 Rb8 39. Nc6 Nd2 40. Nxb8 Nxb1 41. Qxb1 Qxb8 42. Qb6 e5 43. Qc6 Qd8 44. Qb5 Qb8 45. Kf1 h5 46. Ke2 f4 47. gxf4 exf4 48. Qf5+ g6 49. Qc8 f3+ 50. Kxf3 Qxh2 51. b8Q Qh1+ 52. Ke2 Qd5 53. Qh8# 1-0

[Event "Zibo zt 3.5 (Women)"]
[Site "Zibo"]
[Date "2017.08.07"]
[Round "1"]
[White "Gu, Tianlu"]
[Black "Chen, Yiru"]
[Result "1-0"]
[WhiteElo "2180"]
[BlackElo "1819"]
[PlyCount "113"]
[EventDate "2017.08.07"]
[EventType "swiss"]
[EventRounds "11"]
[EventCountry "CHN"]
[SourceTitle "CBM 179 Extra"]
[Source "ChessBase"]
[SourceDate "2017.08.23"]
[SourceVersion "1"]
[SourceVersionDate "2017.08.23"]
[SourceQuality "1"]

1. e4 c5 2. Nf3 d6 3. d4 cxd4 4. Nxd4 Nf6 5. Nc3 a6 6. h3 e6 7. g4 d5 8. Bg2 dxe4 9. Nxe4 Nxe4 10. Bxe4 e5 11. Nf5 Qxd1+ 12. Kxd1 Nc6 13. c3 Bd7 14. Be3 g6 15. Ng3 Bg7 16. Kc2 0-0 17. g5 Rac8 18. Rad1 Be6 19. Kb1 f5 20. gxf6 Bxf6 21. h4 Rfd8 22. h5 Rxd1+ 23. Rxd1 Kf7 24. hxg6+ hxg6 25. Bc2 Ne7 26. Be4 Nc6 27. b3 Rd8 28. Rh1 Rh8 29. Rg1 Rd8 30. Bc2 Be7 31. Ne4 Bf5 32. Kb2 b5 33. Rh1 Kg7 34. b4 Rh8 35. Rxh8 Kxh8 36. f3 Kg7 37. Bd3 Bc8 38. Bc5 Kf7 39. a4 bxa4 40. Ka3 Nb8 41. Bxe7 Kxe7 42. Kxa4 Bb7 43. Ka5 Bxe4 44. Bxe4 g5 45. c4 Kd6 46. Kb6 Nd7+ 47. Kxa6 Nf6 48. c5+ Kc7 49. Bb7 g4 50. fxg4 Nxg4 51. b5 Ne3 52. b6+ Kb8 53. Be4 Nc4 54. c6 Nd6 55. Bd5 Nb7 56. c7+ Ka8 57. Bxb7# 1-0

[Event "CHN-chB (Women)"]
[Site "Qinhuangdao"]
[Date "2017.07.20"]
[Round "9"]
[White "Chen, Yiru"]
[Black "Gu, Tianlu"]
[Result "0-1"]
[WhiteElo "1695"]
[BlackElo "2186"]
[PlyCount "154"]
[EventDate "2017.07.16"]
[EventType "swiss"]
[EventRounds "11"]
[EventCountry "CHN"]
[SourceTitle "CBM 179 Extra"]
[Source "ChessBase"]
[SourceDate "2017.08.23"]
[SourceVersion "1"]
[SourceVersionDate "2017.08.23"]
[SourceQuality "1"]

1. e4 c5 2. Nf3 Nc6 3. d4 cxd4 4. Nxd4 Nf6 5. Nc3 d6 6. Be2 e5 7. Nb3 Be7 8. 0-0 0-0 9. Kh1 a5 10. Be3 a4 11. Nd2 Be6 12. Nc4 b5 13. Nxb5 Nxe4 14. Nb6 Ra5 15. Nd5 Qd7 16. Bb6 Raa8 17. f3 Bxd5 18. Qxd5 Nf6 19. Qd2 d5 20. Bg1 Rfb8 21. Rab1 Nd8 22. Nc3 Bb4 23. a3 Ba5 24. f4 d4 25. Bf3 e4 26. Qxd4 Qxd4 27. Bxd4 Bxc3 28. Bxc3 exf3 29. Rxf3 Ne4 30. Re1 f5 31. Be5 Rc8 32. c3 h5 33. h3 h4 34. Kh2 Nc6 35. Rd3 Re8 36. Bc7 Ng3 37. Red1 Re7 38. Bb6 Rb8 39. Bf2 Rxb2 40. Bxg3 hxg3+ 41. Rxg3 Rb3 42. Rd6 Rc7 43. c4 Na5 44. Ra6 Rc5 45. Ra8+ Kf7 46. Ra7+ Rb7 47. Ra6 Nxc4 48. Rxa4 Nd2 49. Rd3 Ne4 50. Rad4 Rb2 51. Rb4 Rcc2 52. Rxb2 Rxb2 53. a4 Ra2 54. Rd5 Kg6 55. a5 Nc3 56. Rd6+ Kh7 57. a6 Ne2 58. Rd5 Kg6 59. Rd6+ Kh5 60. Rd5 g6 61. Rd7 Nxf4 62. Kg3 Nxg2 63. a7 Nh4 64. Kf4 g5+ 65. Ke5 f4 66. Kf6 Ra6+ 67. Ke5 f3 68. Rh7+ Kg6 69. Rc7 Ra5+ 70. Ke4 f2 71. Rc6+ Kh5 72. Rf6 Rxa7 73. Rxf2 Ra4+ 74. Kd5 Ra3 75. Rh2 Ng6 76. Ke4 Kh4 77. Rg2 Rxh3 0-1

[Event "CHN-chB (Women)"]
[Site "Qinhuangdao"]
[Date "2017.07.19"]
[Round "8"]
[White "Du, Yuxin"]
[Black "Chen, Yiru"]
[Result "0-1"]
[WhiteElo "2064"]
[BlackElo "1695"]
[PlyCount "96"]
[EventDate "2017.07.16"]
[EventType "swiss"]
[EventRounds "11"]
[EventCountry "CHN"]
[SourceTitle "CBM 179 Extra"]
[Source "ChessBase"]
[SourceDate "2017.08.23"]
[SourceVersion "1"]
[SourceVersionDate "2017.08.23"]
[SourceQuality "1"]

1. e4 c5 2. Nf3 d6 3. d4 cxd4 4. Qxd4 a6 5. Be3 Nc6 6. Qd2 Nf6 7. Nc3 b5 8. 0-0-0 g6 9. Nd5 Nxd5 10. exd5 Ne5 11. Nxe5 dxe5 12. Bh6 Bf5 13. Bxf8 Rxf8 14. Qe3 Qc7 15. Bd3 Bxd3 16. Rxd3 f6 17. Rhd1 Rd8 18. Qh3 Rf7 19. d6 exd6 20. Qe6+ Kf8 21. Rxd6 Re8 22. Qd5 Rc8 23. Rd2 e4 24. Rxa6 Qxh2 25. Qd6+ Qxd6 26. Rdxd6 Kg7 27. Rdb6 Rc5 28. Kd2 f5 29. Rd6 Rfc7 30. c3 b4 31. cxb4 Rc2+ 32. Ke3 Rxb2 33. a3 Rc3+ 34. Kd4 Rd3+ 35. Ke5 Rxd6 36. Rxd6 Rxf2 37. Rd7+ Kh6 38. Kf6 Rxg2 39. b5 Rb2 40. a4 e3 41. Rd1 Kh5 42. Rh1+ Kg4 43. Rxh7 e2 44. Re7 f4 45. Kxg6 f3 46. Re4+ Kg3 47. b6 Rxb6+ 48. Kf5 Rb1 0-1